[Event "Ankara Baskent Univ op-B 3rd"]
[Site "Ankara"]
[Date "2018.08.31"]
[Round "8"]
[White "Vural, Rafet"]
[Black "Altundasar, Yigit Bora"]
[Result "0-1"]
[WhiteElo "1580"]
[BlackElo "1538"]
[PlyCount "106"]
[EventDate "2018.08.27"]
[EventType "swiss"]
[EventRounds "9"]
[EventCountry "TUR"]
[SourceTitle "EXT 2021"]
[Source "ChessBase"]
[SourceDate "2020.10.23"]
[SourceVersion "1"]
[SourceVersionDate "2020.10.23"]
[SourceQuality "1"]

1. c4 Nf6 2. d4 g6 3. Nf3 Bg7 4. Nc3 0-0 5. Bf4 d6 6. e3 Nbd7 7. Be2 b6 8. 0-0 Bb7 9. Rc1 Nh5 10. Bg3 Nxg3 11. hxg3 e5 12. d5 f5 13. e4 f4 14. gxf4 Rxf4 15. g3 Rf8 16. Kg2 a6 17. Rh1 Qe7 18. Qd2 h6 19. Rh2 Rf6 20. Rch1 Raf8 21. b4 R8f7 22. Nd1 Nf8 23. a4 Bc8 24. Ne1 Nh7 25. Rf1 Ng5 26. f3 Qf8 27. Qe3 Nh7 28. Rhh1 h5 29. Nb2 Bh6 30. Qc3 Ng5 31. Nbd3 Bd7 32. Bd1 Qc8 33. Nf2 Kg7 34. c5 Qf8 35. cxb6 cxb6 36. Qd3 Bc8 37. Qc3 Bg4 38. Nxg4 hxg4 39. Qd3 Nh3 40. Qxa6 Bd2 41. Qxb6 Bxe1 42. Rxe1 Ng5 43. Qe3 gxf3+ 44. Kf1 Qc8 45. Qxg5 Qc4+ 46. Kg1 f2+ 47. Kg2 fxe1N+ 48. Rxe1 Rf2+ 49. Kh3 Qxb4 50. Qe3 Qb2 51. Be2 Qb4 52. Rh1 Qxa4 53. Rc1 Qe8 0-1

[Event "TUR Cup										"]
[Site "Antalya"]
[Date "2018.02.01"]
[Round "9"]
[White "Alagoz, Ramazan"]
[Black "Vural, Rafet"]
[Result "0-1"]
[WhiteElo "1247"]
[BlackElo "1591"]
[PlyCount "43"]
[EventDate "2018.01.27"]
[EventType "swiss"]
[EventRounds "11"]
[EventCountry "TUR"]
[SourceTitle "CBM 182 Extra"]
[Source "ChessBase"]
[SourceDate "2018.02.23"]
[SourceVersion "1"]
[SourceVersionDate "2018.02.23"]
[SourceQuality "1"]

1. e4 e5 2. Nf3 Nf6 3. Bc4 Nc6 4. d3 Be7 5. Be3 0-0 6. 0-0 d6 7. h3 Na5 8. Nbd2 Nxc4 9. Nxc4 h6 10. c3 Nh7 11. Ncd2 Ng5 12. Nxg5 Bxg5 13. f4 exf4 14. Bxf4 Bf6 15. Qh5 Bg5 16. Rf3 Bxf4 17. Rxf4 Qg5 18. Qxg5 hxg5 19. Rf2 g6 20. Nf3 Be6 21. Nd4 a6 22. Raf1 0-1

[Event "TUR Cup										"]
[Site "Antalya"]
[Date "2018.01.30"]
[Round "6"]
[White "Vural, Rafet"]
[Black "Savli, Sadrettin"]
[Result "0-1"]
[WhiteElo "1591"]
[BlackElo "1443"]
[PlyCount "26"]
[EventDate "2018.01.27"]
[EventType "swiss"]
[EventRounds "11"]
[EventCountry "TUR"]
[SourceTitle "CBM 182 Extra"]
[Source "ChessBase"]
[SourceDate "2018.02.23"]
[SourceVersion "1"]
[SourceVersionDate "2018.02.23"]
[SourceQuality "1"]

1. e4 d5 2. exd5 Qxd5 3. Nc3 Qd8 4. Nf3 Bg4 5. Be2 g6 6. h3 Bxf3 7. Bxf3 c6 8. d4 a6 9. a4 e6 10. Be3 Bg7 11. Qd2 Nd7 12. 0-0 Nb6 13. Qe2 h5 0-1